000 00416nam a2200169Ia 4500
001 23827
003 IN-NITTTR
005 20251114233307.0
008 251113s9999||||xx |||||||||||||| ||eng||
040 _beng
040 _cIN-NITTTR
041 _aeng
082 _a621.38224 S95I
100 _aSchwartz, Mischa
245 0 _aInformation transmission, modulation, and noise /
_cSchwartz, Mischa
942 _2ddc
_cBK
999 _c26456
_d26456